Movies Quiz

Random Movies or Disney Quiz
Score 0/100 Timer 15:00
11 Plays Today
Picture Character % Correct
1Belle
94.2%
3Stitch
91.3%
8Tinker Bell
89.3%
54Cinderella
87%
12Ariel
86.7%
2Pinocchio
86.6%
41Lilo Pelekai
86.5%
18Bambi
86.1%
100Mickey Mouse
85.4%
62Tigger
85.4%
90Snow White
85.2%
11Grumpy
84.7%
36Lady
84.5%
15Mulan
84.5%
19Robin Hood
84%
28Scar
83.2%
97Donald Duck
82.4%
86Jasmine
82.2%
98Tarzan
82.1%
58Aladdin
81.4%
85Hercules
80.3%
61Captain Hook
79.5%
83Pocahontas
78.4%
20Bolt
77.9%
71Tramp
77.2%
78Moana
77%
69Cruella De Vil
76.5%
88Elsa
76%
94Thumper
75.5%
59Wreck-It Ralph
74.4%
76Gaston
74.2%
40Christopher Robin
72.9%
47Flounder
72.8%
31Aurora
71.9%
Picture Character % Correct
81Mowgli
70.2%
66Hades
69.5%
67Chicken Little
69.4%
37Maleficent
67.6%
39Queen of Hearts
66.3%
6Zazu
63.7%
64Merlin
63.4%
24Carpet
63.3%
4Esmeralda
60.6%
51Little John
59.5%
87Rafiki
59.3%
77Flynn Rider
55.7%
42Megara
54.9%
52Baymax
52.2%
70Kaa
51.5%
27Oliver
51.3%
93Kristoff
48.3%
32Kuzco
47.5%
80Yzma
46%
55King Louie
45.5%
99Arthur Pendragon
45.1%
35Prince Phillip
43.5%
23Perdita
43.5%
22Pascal
42.2%
16Judy Hopps
41.6%
92Fix-It Felix, Jr.
40.7%
84Tod
40.1%
13Copper
37.6%
44March Hare
35%
5Prince Naveen
35%
34Claude Frollo
34.6%
53Duchess
34.4%
96Timothy Q. Mouse
33.1%
45Jim Hawkins
33%
Picture Character % Correct
30Mrs. Jumbo
32.9%
46Terk
31.4%
38Jaq
31.4%
7Basil
30.2%
43The Headless Horseman
29.5%
57Miss Bianca
29.4%
73Koda
28.7%
48Clayton
28%
65Milo Thatch
27.2%
63Prof. Ratigan
27.1%
29Ichabod Crane
26.7%
25Wilbur Robinson
25.8%
68Shan Yu
24.9%
49Ray
22.4%
17Madame Medusa
22.2%
14Charlotte La Bouff
21.6%
95Edgar Balthazar
20.3%
10Stromboli
19.9%
26Kida
19.1%
56Kenai
18.5%
74Pleakley
15.1%
9José Carioca
14%
89Abby Mallard
13.7%
82Rhino
13.5%
72Lewis Anthonio
13.3%
21Aladar
11.7%
50Clopin
10.9%
33The Horned King
10.4%
91Taran
10.4%
79Bill Sykes
10.3%
60Maggie
9.2%
75P. C. McLeach
7.7%
Remove Ads.
Support Sporcle.
Get the best of Sporcle when you Go Orange. This ad-free experience offers more features, more stats, and more fun while also helping to support Sporcle. Thank you for becoming a member.

You're not logged in!

Compare scores with friends on all Sporcle quizzes.
OR
Log In

Show Comments

Extras

Top Quizzes Today


Score Distribution

Your Account Isn't Verified!

In order to create a playlist on Sporcle, you need to verify the email address you used during registration. Go to your Sporcle Settings to finish the process.

Report this User

Report this user for behavior that violates our Community Guidelines.

Details: